Social work administration and development (Record no. 174374)
[ view plain ]
| 000 -LEADER | |
|---|---|
| fixed length control field | 00585nam a2200205Ia 4500 |
| 003 - CONTROL NUMBER IDENTIFIER | |
| control field | OSt |
| 005 - DATE AND TIME OF LATEST TRANSACTION | |
| control field | 20230527113435.0 |
| 008 - FIXED-LENGTH DATA ELEMENTS--GENERAL INFORMATION | |
| fixed length control field | 210423s2006 xx 000 0 und d |
| 040 ## - CATALOGING SOURCE | |
| Transcribing agency | AL |
| 082 ## - DEWEY DECIMAL CLASSIFICATION NUMBER | |
| Classification number | 361.3 |
| Edition number | 23 |
| Item number | BHAS |
| 100 ## - MAIN ENTRY--PERSONAL NAME | |
| Personal name | BHATTACHARYA (Sanjay) |
| 9 (RLIN) | 115288 |
| 245 ## - TITLE STATEMENT | |
| Title | Social work administration and development |
| 260 ## - PUBLICATION, DISTRIBUTION, ETC. | |
| Place of publication, distribution, etc. | Australia |
| Name of publisher, distributor, etc. | Allen & Unwin |
| Date of publication, distribution, etc. | 2006 |
| 300 ## - PHYSICAL DESCRIPTION | |
| Extent | xiv,434 |
| Other physical details | HB |
| 365 ## - TRADE PRICE | |
| Price amount | 795 |
| Currency code | INR |
| 650 ## - SUBJECT ADDED ENTRY--TOPICAL TERM | |
| Topical term or geographic name entry element | Social Problems & Services |
| 9 (RLIN) | 115289 |
| 650 ## - SUBJECT ADDED ENTRY--TOPICAL TERM | |
| Topical term or geographic name entry element | Social Work |
| 9 (RLIN) | 115290 |
| 906 ## - LOCAL DATA ELEMENT F, LDF (RLIN) | |
| a | administration ; development. ; Social ; work |
| 942 ## - ADDED ENTRY ELEMENTS (KOHA) | |
| Source of classification or shelving scheme | Dewey Decimal Classification |
| Koha item type | Book |
| Withdrawn status | Lost status | Damaged status | Not for loan | Collection code | Home library | Current library | Date acquired | Source of acquisition | Cost, normal purchase price | Total Checkouts | Full call number | Barcode | Date last seen | Price effective from | Koha item type |
|---|---|---|---|---|---|---|---|---|---|---|---|---|---|---|---|
| MSW | St Aloysius PG Library | St Aloysius PG Library | 09/28/2006 | Book World | 795.00 | 361.3 BHAS | PG021052 | 08/24/2022 | 04/26/2021 | Book |